El imaginario mundo de Federico (Record no. 26659)

MARC details
000 -LEADER
campo de control de longitud fija 01609nac a22002897a 4500
003 - IDENTIFICADOR DE NÚMERO DE CONTROL
campo de control Co-PeBPM
005 - FECHA Y HORA DE LA ÚLTIMA TRANSACCIÓN
campo de control 20240325153441.0
007 - CAMPO FIJO DE DESCRIPCIÓN FÍSICA--INFORMACIÓN GENERAL
campo de control de longitud fija ta
008 - DATOS DE LONGITUD FIJA--INFORMACIÓN GENERAL
campo de control de longitud fija 240325s2023 |||a|||| |||| 00| 0 spa d
020 ## - NÚMERO INTERNACIONAL ESTÁNDAR DEL LIBRO
Número Internacional Estándar del Libro 9786289561579
040 ## - FUENTE DE CATALOGACIÓN
Centro catalogador/agencia de origen Co-PeBPM
Lengua de catalogación spa
Centro/agencia transcriptor Co-PeBPM
Normas de descripción rda
041 ## - CÓDIGO DE IDIOMA
Código de lengua del texto/banda sonora o título independiente spa
082 04 - NÚMERO DE LA CLASIFICACIÓN DECIMAL DEWEY
Número de clasificación Co863 P657i
Número de edición 22
100 1# - ENTRADA PRINCIPAL--NOMBRE DE PERSONA
Nombre de persona Pino Varón, Adrián
Término indicativo de función/relación autor
245 10 - MENCIÓN DEL TÍTULO
Título El imaginario mundo de Federico
Resto del título : Cuento
Mención de responsabilidad, etc. / Adrián Pino Varón
250 ## - MENCION DE EDICION
Mención de edición Primera edición
260 ## - PUBLICACIÓN, DISTRIBUCIÓN, ETC.
Lugar de publicación, distribución, etc. Pereira, Risaralda
Nombre del editor, distribuidor, etc. : Klepsidra Editores,
Fecha de publicación, distribución, etc. 2023
300 ## - DESCRIPCIÓN FÍSICA
Extensión 73 páginas
Otras características físicas ilustraciones en blanco y negro
Dimensiones 24 centímetros
500 ## - NOTA GENERAL
Nota general Incluye índice
500 ## - NOTA GENERAL
Nota general Contiene datos biográficos del autor en la solapa del texto
520 ## - RESUMEN, ETC.
Sumario, etc. Adrián Pino nos presenta un relato fantástico donde Federico, el protagonista, considera a su abuelo un gran hombre, un héroe. Su imaginación lo lleva a apropiarse de elementos característicos de la literatura infantil y juvenil como magos, arañas, palabras mágicas y, por supuesto, la figura del abuelo, con los que construye una historia envolvente y divertida con un lenguaje claro y ameno, preciso y sin trabas grandilocuentes. El Imaginario mundo de Federico enriquece la narrativa de la literatura infantil y juvenil de Risaralda, y se convierte en una forma de promover en los niños y jóvenes el aprendizaje de la literatura propia de su cultura y de su entorno más cercano.
546 ## - NOTA DE IDIOMA
Nota de lengua/lenguaje spa
650 10 - PUNTO DE ACCESO ADICIONAL DE MATERIA--TÉRMINO DE MATERIA
Término de materia o nombre geográfico como elemento de entrada Literatura colombiana
Fuente del encabezamiento o término Lemb
650 10 - PUNTO DE ACCESO ADICIONAL DE MATERIA--TÉRMINO DE MATERIA
Término de materia o nombre geográfico como elemento de entrada Cuento colombiano
Fuente del encabezamiento o término Lemb
942 ## - ELEMENTOS DE ENTRADA SECUNDARIOS (KOHA)
Fuente del sistema de clasificación o colocación Clasificación Decimal Dewey
Tipo de ítem Koha Libros
Suprimir en OPAC No
Holdings
Estatus retirado Estado de pérdida Fuente del sistema de clasificación o colocación Estado de daño No para préstamo Biblioteca de origen Biblioteca actual Fecha de adquisición Total de préstamos Signatura topográfica completa Código de barras Visto por última vez Copia número Precio de reemplazo Tipo de ítem Koha
    Clasificación Decimal Dewey     BIBLIOTECA PÚBLICA MUNICIPAL RAMON CORREA MEJIA BIBLIOTECA PÚBLICA MUNICIPAL RAMON CORREA MEJIA 25/03/2024   Co863 P657i 49628 25/03/2024 Ej.1 25/03/2024 Libros

Powered by Koha